|
|
|
|
| LEADER |
03320nam a2200757 4500 |
| 001 |
ocn841331218 |
| 003 |
OCoLC |
| 005 |
20170124071550.8 |
| 006 |
m o d |
| 007 |
cr unu|||||||| |
| 008 |
130430s2013 enka ob 001 0 eng d |
| 040 |
|
|
|a UMI
|b eng
|e pn
|c UMI
|d CGU
|d OCLCO
|d E7B
|d COO
|d CDX
|d DG1
|d CUS
|d DEBSZ
|d OCLCQ
|d OCLCF
|d OCLCQ
|d DEBBG
|d GrThAP
|
| 019 |
|
|
|a 830512138
|a 835140102
|
| 020 |
|
|
|a 9781118410806
|
| 020 |
|
|
|a 1118410807
|
| 020 |
|
|
|a 1118410750
|q (electronic bk.)
|
| 020 |
|
|
|a 9781118410752
|q (electronic bk.)
|
| 020 |
|
|
|a 9781118818459
|q (electronic bk.)
|
| 020 |
|
|
|a 1118818458
|q (electronic bk.)
|
| 020 |
|
|
|z 9781118409336
|
| 020 |
|
|
|z 1118409337
|
| 020 |
|
|
|z 9781283869416
|
| 020 |
|
|
|z 1283869411
|
| 029 |
1 |
|
|a AU@
|b 000051432784
|
| 029 |
1 |
|
|a AU@
|b 000051749911
|
| 029 |
1 |
|
|a AU@
|b 000052185453
|
| 029 |
1 |
|
|a AU@
|b 000052334880
|
| 029 |
1 |
|
|a CHBIS
|b 010131669
|
| 029 |
1 |
|
|a CHNEW
|b 000610996
|
| 029 |
1 |
|
|a CHVBK
|b 314714332
|
| 029 |
1 |
|
|a DEBBG
|b BV041121681
|
| 029 |
1 |
|
|a DEBSZ
|b 396766021
|
| 029 |
1 |
|
|a GBVCP
|b 86314635X
|
| 029 |
1 |
|
|a NZ1
|b 15341888
|
| 029 |
1 |
|
|a DEBBG
|b BV043395794
|
| 035 |
|
|
|a (OCoLC)841331218
|z (OCoLC)830512138
|z (OCoLC)835140102
|
| 037 |
|
|
|a CL0500000213
|b Safari Books Online
|
| 050 |
|
4 |
|a HG179
|b .C68197 2013
|
| 072 |
|
7 |
|a FIN
|2 eflch
|
| 082 |
0 |
4 |
|a 332.024
|2 23
|
| 049 |
|
|
|a MAIN
|
| 100 |
1 |
|
|a Corcoran, Clive M.
|
| 245 |
1 |
0 |
|a Systemic liquidity risk and bipolar markets :
|b wealth management in today's macro risk on/risk off financial environment /
|c Clive Corcoran.
|
| 264 |
|
1 |
|a Chichester, West Sussex, U.K. :
|b Wiley,
|c 2013.
|
| 300 |
|
|
|a 1 online resource (1 volume) :
|b illustrations.
|
| 336 |
|
|
|a text
|b txt
|2 rdacontent
|
| 337 |
|
|
|a computer
|b c
|2 rdamedia
|
| 338 |
|
|
|a online resource
|b cr
|2 rdacarrier
|
| 490 |
1 |
|
|a Wiley finance series
|
| 588 |
0 |
|
|a Print version record.
|
| 504 |
|
|
|a Includes bibliographical references and index.
|
| 505 |
0 |
|
|a Introduction -- Cross-sectional asset correlations -- The changing character of financial markets -- The flash crash -- Detecting mini bubbles with the VPIN metric -- Foreign exchange and the carry trade -- The enigmatic performance of the Japanese yen -- The Aussie/yen connection 1 -- Precursors to illiquidity -- Mainstream financial economics groping towards a new paradigm -- Could a eurozone breakup trigger another systemic crisis? -- China, commodities, and the global growth narrative -- Drawdowns and tail risk management -- Liquidity and maturity transformation -- Emotional finance and interval confidence -- Adjusting to more correlated financial markets.
|
| 650 |
|
0 |
|a Finance, Personal.
|
| 650 |
|
0 |
|a Investments.
|
| 650 |
|
0 |
|a Portfolio management.
|
| 650 |
|
4 |
|a Finance, Personal.
|
| 650 |
|
4 |
|a Investments.
|
| 650 |
|
4 |
|a Portfolio management.
|
| 650 |
|
7 |
|a Finance, Personal.
|2 fast
|0 (OCoLC)fst00924449
|
| 650 |
|
7 |
|a Investments.
|2 fast
|0 (OCoLC)fst00978234
|
| 650 |
|
7 |
|a Portfolio management.
|2 fast
|0 (OCoLC)fst01072072
|
| 655 |
|
4 |
|a Electronic books.
|
| 776 |
0 |
8 |
|i Print version:
|a Corcoran, Clive M.
|t Systemic liquidity risk and bipolar markets
|z 9781118409336
|w (DLC) 2012039741
|w (OCoLC)814982173
|
| 830 |
|
0 |
|a Wiley finance series.
|
| 856 |
4 |
0 |
|u https://doi.org/10.1002/9781118818459
|z Full Text via HEAL-Link
|
| 994 |
|
|
|a 92
|b DG1
|